000
00503nam a2200181Ia 4500
008
090123s9999 xx 000 0 und d
082
_b
23402
100
_a
शिरोडकर दासू
245
_a
पंचरंग
250
_a
1
260
_b
गोमंतक मराठी
_c
1994
300
_a
78
600
_a
शिरोडकर दासू
630
_a
पंचरंग
700
_a
शिरोडकर दासू
730
_a
पंचरंग
942
_c
BOOK
999
_c
61473
_d
61473